=LDR 00000nam 2200000 4500 =001 000944 =005 20250712012020 =035 ##$$a 0010-0725000822 =007 ta =008 250712################a##########0#ind## =020 ##$$a 978-623-472-304-5 =082 ##$$a 398.209 598 =084 ##$$a 398.209 598 GUR g =100 #$$a Gurung resha =245 1#$$a Gigi yang sudah sangat goyang /$c Resha thapa gurung =250 ##$$a Cetakan pertama =260 ##$$a Rawamangun :$b Badan pengembangan dan pembinaan bahasa,$c 2022 =300 ##$$a 24 hlm. : $b Ilus. ; $c 22,9 cm. =650 #4$$a Cerita anak indonesia-terjemahan =650 #4$$a Literasi-bahan bacaan